000 01169nam a2200289 a 4500
001
003 OSt
005 20240408122735.0
008 110412s2010 dr 001 e spa d
020 _a9789945074055
040 _aDO-SdBNP
_bspa
_cBPMSU
082 4 _a370.97293
_bP153e 2010
_222
100 1 _aPalacín Iglesias, Gregorio B.,
_d1905-
245 1 0 _aEnsayos y apuntes pedagógicos /
_cGregorio B. Palacín Iglesias ; editor Andrés Blanco Díaz.
260 _aSanto Domingo :
_bComisión Permanente de Efemérides Patria ;
_bArchivo General de la Nación,
_c2010.
300 _a392 p. ;
_c23 cm.
490 0 _aArchivo General de la Nación,
_v112
500 _aIncluye datos biográficos del autor en las solapas
500 _aIncluye índice onomástico
504 _aIncluye referencias bibliográficas y notas al pie de páginas.
590 _aInventariado, 2022/VM
650 4 _aEducación
_zRepública Dominicana
_xEnsayos, conferencias, etc.
651 4 _aRepública Dominicana
_xEmigración e inmigración
710 2 _aArchivo General de la Nación (República Dominicana)
910 _a VMateo V. Control de calidad. BPMSU
942 _2ddc
_cBK
999 _c13998
_d13998